[Event "USA-chT Amateur East"]
[Site "Parsippany"]
[Date "2013.02.16"]
[Round "1"]
[White "Riordan, Charles"]
[Black "Katz, Benjamin"]
[Result "1-0"]
[WhiteElo "2339"]
[BlackElo "2141"]
[PlyCount "57"]
[EventDate "2013.02.16"]
[EventType "team-swiss"]
[EventRounds "6"]
[EventCountry "USA"]
[SourceTitle "CBM 153 Extra"]
[Source "ChessBase"]
[SourceDate "2013.04.22"]
[SourceVersion "1"]
[SourceVersionDate "2013.04.22"]
[SourceQuality "1"]
[WhiteTeam "Simple Minds"]
[BlackTeam "The Twinkie Defense"]
[WhiteTeamCountry "USA"]
[BlackTeamCountry "USA"]

1. d4 d5 2. Bf4 Nf6 3. e3 Bf5 4. c4 c6 5. Nc3 e6 6. Qb3 Qb6 7. c5 Qxb3 8. axb3 Nbd7 9. b4 Nh5 10. Bc7 Rc8 11. Rxa7 Rxc7 12. Ra8+ Ke7 13. b5 g5 14. b6 Nxb6 15. cxb6 Rd7 16. h3 Nf6 17. Nf3 Bg6 18. Ne5 Rd8 19. Ra7 Kd6 20. Rxb7 Nd7 21. Rc7 Nxe5 22. dxe5+ Kxe5 23. Rxc6 Bb4 24. Ba6 f5 25. b7 Bd6 26. Nb5 Bb8 27. Nd4 Rd6 28. Rc8 Re8 29. Bb5 1-0

[Event "Somerset BCC-ch"]
[Site "Somerset"]
[Date "2011.10.03"]
[Round "4"]
[White "Rueda, Libardo"]
[Black "Riordan, Charles"]
[Result "0-1"]
[WhiteElo "2156"]
[BlackElo "2332"]
[PlyCount "111"]
[EventDate "2011.09.12"]
[EventType "tourn"]
[EventRounds "7"]
[EventCountry "USA"]
[SourceTitle "EXT 2013"]
[Source "ChessBase"]
[SourceDate "2012.11.22"]
[SourceVersion "1"]
[SourceVersionDate "2012.11.22"]
[SourceQuality "1"]

1. g3 c5 2. Bg2 Nc6 3. e4 g6 4. Ne2 Bg7 5. 0-0 d6 6. Nbc3 Nf6 7. d3 Rb8 8. a4 0-0 9. h3 a6 10. f4 Nd7 11. Nd5 e6 12. Ne3 b5 13. axb5 axb5 14. c3 Bb7 15. Kh2 Ra8 16. Rxa8 Qxa8 17. f5 Re8 18. Nf4 Qa6 19. fxe6 fxe6 20. h4 b4 21. Bh3 Nf8 22. Nc4 Ne5 23. Nxe5 dxe5 24. Ng2 Rd8 25. Qf3 Qxd3 26. Qf7+ Kh8 27. Ne3 Qd7 28. Qf3 bxc3 29. bxc3 Qc6 30. Ng4 Qxe4 31. Qf7 Ra8 32. Qf2 Qd5 33. Ne3 Qa2 34. Bb2 Nd7 35. Ra1 Qb3 36. Rxa8+ Bxa8 37. c4 Qb7 38. Bg2 Qb8 39. Bxa8 Qxa8 40. Qf7 Qa2 41. Qxd7 Qxb2+ 42. Kh3 h5 43. Qxe6 Qc1 44. Ng4 hxg4+ 45. Kxg4 Qc2 46. h5 Qe4+ 47. Kg5 Qe3+ 48. Kh4 Qh6 49. Qc8+ Kh7 50. g4 gxh5 51. gxh5 Qf4+ 52. Kh3 Qf3+ 53. Kh2 Qxh5+ 54. Kg2 e4 55. Kf2 Qf3+ 56. Ke1 0-1

[Event "Somerset BCC-ch"]
[Site "Somerset"]
[Date "2011.09.12"]
[Round "1"]
[White "Riordan, Charles"]
[Black "Lung, James"]
[Result "1-0"]
[WhiteElo "2332"]
[BlackElo "1977"]
[PlyCount "93"]
[EventDate "2011.09.12"]
[EventType "tourn"]
[EventRounds "7"]
[EventCountry "USA"]
[SourceTitle "EXT 2013"]
[Source "ChessBase"]
[SourceDate "2012.11.22"]
[SourceVersion "1"]
[SourceVersionDate "2012.11.22"]
[SourceQuality "1"]

1. d4 Nf6 2. c4 c5 3. d5 b5 4. cxb5 a6 5. bxa6 Bxa6 6. Nc3 g6 7. g3 Bg7 8. Bg2 d6 9. Nf3 0-0 10. 0-0 Nbd7 11. Rb1 Qb6 12. b3 Ng4 13. Bd2 Rfb8 14. a4 Nge5 15. h3 Nxf3+ 16. Bxf3 Ne5 17. Bg2 Qc7 18. Re1 Rb7 19. Qc2 Rab8 20. Kh2 Qc8 21. Na2 Qe8 22. f4 Nd7 23. Bf3 Rc8 24. Rec1 Rbc7 25. Ba5 Ra7 26. Bd2 Nb6 27. Ba5 Bd3 28. Qxd3 Rxa5 29. Qd2 Rca8 30. Rc2 c4 31. bxc4 Nxa4 32. Nb4 Nc5 33. Nc6 Ra3 34. Kg2 h6 35. Rb5 Kh7 36. Qb4 R8a4 37. Rb8 Qd7 38. Qb5 Ra1 39. Qb6 h5 40. g4 R4a3 41. Rd8 Qb7 42. Qxb7 Nxb7 43. Rd7 Nc5 44. Rxe7 hxg4 45. hxg4 Rb1 46. Rxf7 Raa1 47. Kh3 1-0

[Event "USA tt"]
[Site "ICC INT"]
[Date "2010.09.20"]
[Round "5"]
[White "Bonin, Jay R"]
[Black "Riordan, Charles"]
[Result "1/2-1/2"]
[WhiteElo "2317"]
[BlackElo "2303"]
[PlyCount "140"]
[EventDate "2010.08.23"]
[EventType "team"]
[EventRounds "10"]
[EventCountry "USA"]
[SourceTitle "CBM 138 Extra"]
[Source "ChessBase"]
[SourceDate "2010.10.29"]
[SourceVersion "1"]
[SourceVersionDate "2010.10.29"]
[SourceQuality "1"]

1. d4 Nf6 2. Nf3 g6 3. Bg5 Bg7 4. Nbd2 0-0 5. c3 d5 6. Bxf6 exf6 7. e3 Re8 8. Bd3 Nd7 9. 0-0 Nb6 10. a4 a5 11. b4 Bf8 12. b5 c5 13. bxc6 bxc6 14. Rb1 Bd7 15. Qb3 Rb8 16. Qa2 Be6 17. Rb2 Kg7 18. Rfb1 Qc7 19. g3 Bd6 20. Qa1 Qa7 21. Qa2 Qc7 22. Rb3 h5 23. R1b2 Rh8 24. Nh4 Nd7 25. Qb1 Rxb3 26. Rxb3 f5 27. Nhf3 Rb8 28. Ng5 Rxb3 29. Qxb3 Qb6 30. Nxe6+ fxe6 31. Qxb6 Nxb6 32. Nb3 Nxa4 33. Nxa5 c5 34. Nb7 Be7 35. Bc2 Nxc3 36. dxc5 Kf7 37. Bd3 Ke8 38. c6 Bd8 39. Kf1 Bc7 40. Ke1 Ke7 41. Kd2 Na4 42. Bb5 Nb6 43. f4 e5 44. Kd3 h4 45. Nc5 hxg3 46. hxg3 Kd6 47. Nb7+ Ke7 48. Nc5 Kd6 49. Na6 exf4 50. gxf4 Bd8 51. c7 Bxc7 52. Be8 Bd8 53. Bxg6 Ke6 54. Nc5+ Kf6 55. Bh7 Nc8 56. Nd7+ Ke6 57. Nf8+ Kf6 58. Bg8 Ne7 59. Be6 Ba5 60. Bd7 Kf7 61. Ne6 Bb6 62. Nd4 Kf6 63. Nf3 Ng6 64. Nd4 Ne7 65. Be8 Ba7 66. Kc3 Bc5 67. Kb3 Nc8 68. Nxf5 Kxf5 69. Bd7+ Kf6 70. Bxc8 Bxe3 1/2-1/2

[Event "North American op 19th"]
[Site "Las Vegas"]
[Date "2009.12.28"]
[Round "4"]
[White "Riordan, Charles"]
[Black "Zierk, Steven C"]
[Result "0-1"]
[WhiteElo "2305"]
[BlackElo "2306"]
[PlyCount "106"]
[EventDate "2009.12.26"]
[EventType "swiss"]
[EventRounds "7"]
[EventCountry "USA"]
[SourceTitle "CBM 134 Extra"]
[Source "ChessBase"]
[SourceDate "2010.03.03"]
[SourceVersion "1"]
[SourceVersionDate "2010.03.03"]
[SourceQuality "1"]

1. e4 c5 2. Nf3 Nc6 3. d4 cxd4 4. Nxd4 Nf6 5. Nc3 e5 6. Ndb5 d6 7. Bg5 a6 8. Na3 b5 9. Nd5 Be7 10. Bxf6 Bxf6 11. c4 b4 12. Nc2 a5 13. Be2 0-0 14. 0-0 Bg5 15. b3 Ra7 16. Qd3 f5 17. Nde3 Bxe3 18. fxe3 Ne7 19. Rad1 Ra6 20. exf5 Rxf5 21. Rxf5 Bxf5 22. e4 Be6 23. c5 Rc6 24. Qb5 h6 25. Bc4 Bxc4 26. Qxc4+ Kh7 27. Ne3 Qb8 28. Qf7 Qa7 29. Ng4 Qxc5+ 30. Kh1 Ng8 31. Rf1 Rc7 32. Qf5+ Kh8 33. h3 Qb5 34. Rf2 Qe8 35. Ne3 Nf6 36. Nc4 Qc6 37. Qg6 d5 38. Nxe5 Qe6 39. Ng4 Rc1+ 40. Kh2 Qd6+ 41. e5 Nxg4+ 42. Qxg4 Qxe5+ 43. g3 Kh7 44. h4 h5 45. Qf5+ Qxf5 46. Rxf5 Rc2+ 47. Kh3 g6 48. Rxd5 Rxa2 49. Rd7+ Kg8 50. Ra7 Ra3 51. Kg2 Kf8 52. g4 hxg4 53. Kg3 a4 0-1

[Event "USA tt"]
[Site "ICC INT"]
[Date "2008.09.17"]
[Round "4"]
[White "Molner, Mackenzie"]
[Black "Riordan, Charles"]
[Result "1-0"]
[WhiteElo "2337"]
[BlackElo "2265"]
[PlyCount "123"]
[EventDate "2008.10.22"]
[EventType "team"]
[EventRounds "10"]
[EventCountry "USA"]
[SourceTitle "CBM 126 Extra"]
[Source "ChessBase"]
[SourceDate "2008.11.05"]
[SourceVersion "1"]
[SourceVersionDate "2008.11.05"]
[SourceQuality "1"]

1. e4 e5 2. Nf3 Nc6 3. Bc4 Nf6 4. d3 Be7 5. 0-0 0-0 6. Re1 d6 7. a4 Na5 8. Ba2 c5 9. c3 Nc6 10. Nbd2 Be6 11. Bxe6 fxe6 12. Rb1 a6 13. Nf1 Qd7 14. Ng3 b5 15. axb5 axb5 16. d4 exd4 17. cxd4 cxd4 18. Nxd4 Nxd4 19. Qxd4 Ra4 20. Qd1 d5 21. b3 Ra2 22. e5 Ne8 23. Be3 g6 24. Re2 Rxe2 25. Qxe2 Ng7 26. Ra1 Rc8 27. Ra7 Rc7 28. Ra8+ Bf8 29. h4 Qc6 30. Qa2 Rc8 31. Ra6 Qc3 32. Ra8 Rxa8 33. Qxa8 Qxe5 34. Bc5 Qf4 35. Ne2 Qf7 36. Nd4 Ne8 37. Bxf8 Kxf8 38. Nxb5 Qd7 39. Qb8 Ke7 40. Nd4 Qc7 41. Qb4+ Nd6 42. Qe1 Qd7 43. Qe5 Nf7 44. Qg7 e5 45. Nf3 Qf5 46. Qxh7 Ke6 47. Qg8 Kf6 48. Qf8 Qb1+ 49. Kh2 Qxb3 50. Nxe5 Kxe5 51. Qxf7 Qc2 52. Qg7+ Ke6 53. Qg8+ Ke5 54. Qg7+ Kd6 55. Qf8+ Ke6 56. Qe8+ Kd6 57. Qf8+ Kc7 58. Qf4+ Kc6 59. g4 Qd3 60. h5 gxh5 61. gxh5 Qd2 62. Qxd2 1-0

[Event "USA tt"]
[Site "ICC INT"]
[Date "2006.10.18"]
[Round "8"]
[White "Bonin, Jay R"]
[Black "Riordan, Charles"]
[Result "0-1"]
[WhiteElo "2315"]
[BlackElo "2253"]
[PlyCount "128"]
[EventDate "2006.08.30"]
[EventType "team"]
[EventRounds "10"]
[EventCountry "USA"]
[SourceTitle "CBM 114 Extra"]
[Source "ChessBase"]
[SourceDate "2006.11.03"]
[SourceVersion "1"]
[SourceVersionDate "2006.11.03"]
[SourceQuality "1"]
[WhiteTeam "New York Knights"]
[BlackTeam "Boston Blitz"]
[WhiteTeamCountry "USA"]
[BlackTeamCountry "USA"]

1. d4 Nf6 2. Nf3 g6 3. c4 Bg7 4. Nc3 0-0 5. e4 d6 6. Be2 e5 7. dxe5 dxe5 8. Qxd8 Rxd8 9. Bg5 c6 10. Nxe5 Re8 11. 0-0-0 Na6 12. f4 h6 13. Bh4 Nc5 14. Bf3 g5 15. Bf2 Ne6 16. f5 Nf4 17. Nd3 Nxd3+ 18. Rxd3 g4 19. Bd1 Nxe4 20. Nxe4 Bxf5 21. Nc5 b6 22. Re3 bxc5 23. Rxe8+ Rxe8 24. Bxc5 h5 25. b3 Rd8 26. Re1 Bc3 27. Rf1 Bd2+ 28. Kb2 Be4 29. Rf2 Be1 30. Re2 Rd2+ 31. Rxd2 Bxd2 32. g3 a6 33. Bc2 Bf3 34. Bf5 Kg7 35. Kc2 Be1 36. Bc8 a5 37. Kd3 Kf6 38. Ke3 h4 39. Kf4 Bd2+ 40. Be3 Bxe3+ 41. Kxe3 hxg3 42. hxg3 Ke5 43. Bb7 Kd6 44. Bc8 Kc5 45. Kd3 Kb4 46. Kc2 Ka3 47. Kc3 c5 48. Bf5 Kxa2 49. Bc2 Be2 50. Bf5 Bd1 51. Bd7 Bxb3 52. Bxg4 a4 53. Bf5 Bd1 54. Bd3 f6 55. Be4 Be2 56. Kc2 Bxc4 57. Kc3 Bb3 58. Bf5 Ka1 59. Be4 Ba2 60. Bf5 Bb1 61. Be6 a3 62. Bd5 a2 63. Kb3 Bd3 64. Kc3 c4 0-1

[Event "MetroWest CC Winter Warmer op"]
[Site "Natick"]
[Date "2004.??.??"]
[Round "1"]
[White "Riordan, Charles"]
[Black "Martin, John"]
[Result "1-0"]
[WhiteElo "2285"]
[BlackElo "1915"]
[PlyCount "46"]
[EventDate "2004.??.??"]
[EventType "swiss"]
[EventRounds "5"]
[EventCountry "USA"]
[SourceTitle "EXT 2007"]
[Source "ChessBase"]
[SourceDate "2006.11.23"]
[SourceVersion "1"]
[SourceVersionDate "2006.11.23"]
[SourceQuality "1"]

1. c4 Nf6 2. g3 g6 3. Bg2 d5 4. cxd5 Nxd5 5. Nc3 c6 6. d4 Bg7 7. Nf3 0-0 8. 0-0 Be6 9. Na4 Na6 10. e4 Nb6 11. h3 Qd7 12. Nxb6 axb6 13. Kh2 Rfd8 14. Be3 Bc4 15. Re1 Nb4 16. b3 Ba6 17. Qd2 c5 18. Red1 Nd3 19. e5 cxd4 20. Bxd4 Nxe5 21. Bxe5 Qxd2 22. Rxd2 Rxd2 23. Bxg7 Rxf2 1-0

[Event "Northeast Summer Getaway"]
[Site "Lowell"]
[Date "2003.08.16"]
[Round "2"]
[White "Paschall, William M"]
[Black "Riordan, Charles"]
[Result "1/2-1/2"]
[WhiteElo "2487"]
[BlackElo "2278"]
[PlyCount "57"]
[EventDate "2003.??.??"]
[EventType "swiss"]
[EventRounds "5"]
[EventCountry "USA"]
[SourceTitle "EXT 2005"]
[Source "ChessBase"]
[SourceDate "2004.11.15"]
[SourceVersion "1"]
[SourceVersionDate "2004.11.15"]
[SourceQuality "1"]

1. Nf3 c5 2. e4 d6 3. Bc4 Nc6 4. c3 Nf6 5. d3 g6 6. Bb3 Bg7 7. 0-0 0-0 8. h3 e5 9. Nbd2 h6 10. Re1 Be6 11. Nf1 b5 12. Ne3 Kh7 13. Bc2 Qc7 14. Nh2 Rab8 15. a3 Rfd8 16. Nhg4 Ng8 17. Rf1 Qd7 18. Nh2 Nf6 19. g4 h5 20. g5 Ne8 21. Kh1 Nc7 22. c4 Nd4 23. Rg1 Na8 24. Rg3 Nb6 25. b3 f5 26. Nd5 Bxd5 27. exd5 bxc4 28. dxc4 e4 29. Rb1 1/2-1/2

[Event "Northeast Spring Getaway"]
[Site "Lowell"]
[Date "2003.05.02"]
[Round "1"]
[White "Riordan, Charles"]
[Black "Kudrin, Sergey"]
[Result "1/2-1/2"]
[WhiteElo "2228"]
[BlackElo "2597"]
[PlyCount "80"]
[EventDate "2003.??.??"]
[EventType "swiss"]
[EventRounds "5"]
[EventCountry "USA"]
[SourceTitle "EXT 2005"]
[Source "ChessBase"]
[SourceDate "2004.11.15"]
[SourceVersion "1"]
[SourceVersionDate "2004.11.15"]
[SourceQuality "1"]

1. e4 c5 2. Nf3 Nc6 3. d4 cxd4 4. Nxd4 g6 5. c4 Nf6 6. Nc3 d6 7. Be2 Bg7 8. Be3 0-0 9. 0-0 Bd7 10. Qd2 Nxd4 11. Bxd4 Bc6 12. f3 a5 13. b3 Nd7 14. Be3 Nc5 15. Rab1 Qb6 16. Rfc1 Rfc8 17. Rc2 Be5 18. Nd1 Qb4 19. Nc3 a4 20. Nd5 Qxd2 21. Bxd2 Bxd5 22. cxd5 Nxb3 23. Rxc8+ Rxc8 24. Be3 Rc2 25. Bd1 Rxa2 26. Bxb3 axb3 27. Rxb3 Rb2 28. Rxb2 Bxb2 29. Bb6 Ba3 30. Kf1 e6 31. Ke2 Kf8 32. Kd3 Bc5 33. Bxc5 dxc5 34. d6 f6 35. Kc4 Ke8 36. f4 Kd7 37. e5 Kc6 38. h4 b5+ 39. Kc3 Kd7 40. Kb3 f5 1/2-1/2